Maritime Borders of Australia - Statistics

General Stats
  • This quiz has been taken 49 times
  • The average score is 5 of 6
Answer Stats
Size Country % Correct
1,904,569 km² Indonesia
100%
462,840 km² Papua New Guinea
100%
268,021 km² New Zealand
93%
14,874 km² East Timor
75%
28,896 km² Solomon Islands
75%
18,576 km² New Caledonia (France)
25%
No matching quizzes found
Score Distribution
Percent of People with Each Score
Percentile by Number Answered
Your Score History
You have not taken this quiz